La participacin̤ en la gestin̤ ambiental Un reto para el nuevo milenio /

Bibliographic Details
Main Author: Amparo Rodrg̕uez, Gloria
Other Authors: Marcela Muǫz, Liliana
Format: eBook
Language:Spanish
Published: Bogot ̀: Editorial Universidad de Rosario (Colombia), 2009
Subjects:
Online Access:Acceso restringido

MARC

LEADER 00000nam a22000007a 4500
005 20120622134126.0
007 cr|||| ||||
008 120622s2009 co |||||s|||| 00||0 spa d
020 |a 978-958-738-050-7 
035 |a 6374 
040 |a vLex 
090 |c 3233  |d 3233 
100 1 |a  Amparo Rodrg̕uez, Gloria 
245 1 3 |a La participacin̤ en la gestin̤ ambiental  |h [Recurso electrn̤ico] :  |b Un reto para el nuevo milenio /  |c Gloria Amparo Rodrg̕uez, Lina Marcela Muǫz  
256 |a Servicio en ln̕ea 
260 |a Bogot ̀:  |b Editorial Universidad de Rosario (Colombia),   |c 2009 
300 |a 1 recurso electrn̤ico 
506 1 |a Contenido solo disponible en los productos indicados  |d vLex Global   |d vLex Global (Academic Edition, excluding Law Schools)   |d vLex Global (U.S. Academic Edition, Law Schools)   |d vLex Global (U.S. Academic Edition, excluding Law Schools)   |d vLex Global (Academic Edition, Law Schools)  
650 0 4 |a Gestin̤ ambiental  |z Colombia 
700 1 |a Marcela Muǫz, Liliana 
740 0 |a vLex Libros (Servicio en ln̕ea) 
856 4 0 |u http://vlex.com/source/participacion-gestion-ambiental-reto-nuevo-milenio-6374  |z Acceso restringido 
942 |c BOOK 
999 0 |a Environmental management